Presidentes sexenales de México - Estadísticas

Estadísticas generales
  • Esta prueba ha sido intentada 35 veces
  • La puntuación promedio es 12 de 15
Estadísticas de respuestas
Periodo de Gobierno Presidente % Correcto
2018-2024 Andrés Manuel López Obrador
100%
2012-2018 Enrique Peña Nieto
100%
2000-2006 Vicente Fox
100%
1988-1994 Carlos Salinas de Gortari
93%
2006-2012 Felipe Calderón
93%
1934-1940 Lázaro Cárdenas
93%
1970-1976 Luis Echeverría
89%
1982-1988 Miguel de la Madrid
89%
1994-2000 Ernesto Zedillo
85%
1976-1982 José López Portillo
81%
1964-1970 Gustavo Díaz Ordaz
74%
1958-1964 Adolfo López Mateos
63%
1946-1952 Miguel Alemán Valdés
63%
1952-1958 Adolfo Ruiz Cortines
59%
1940-1946 Manuel Ávila Camacho
56%
No se encontraron pruebas coincidentes
Distribución de puntuación
Porcentaje de gente con cada puntuación
Porcentaje por número respondido
Historial de tus puntuaciones
No has intentado esta prueba.